header

Annual World Bank Conference on Development in Latin America and the Caribbean, 1999 (Record no. 810)

MARC details
000 -LEADER
fixed length control field 01690nam a2200337Ia 4500
245 10 - TITLE STATEMENT
Title Annual World Bank Conference on Development in Latin America and the Caribbean, 1999
260 ## - PUBLICATION, DISTRIBUTION, ETC. (IMPRINT)
Place of publication Washington, D.C. :
Name of publisher World Bank,
Year of publication 2000, c1999.
300 ## - PHYSICAL DESCRIPTION
Number of Pages iv, 434 p.
490 1# - SERIES STATEMENT
Series statement World Bank Latin American and Caribbean studies. Proceedings
500 ## - GENERAL NOTE
General note "Work in progress for public discussion"--Cover.
650 #0 - SUBJECT ADDED ENTRY--TOPICAL TERM
Topical Term Economic policy.
700 1# - ADDED ENTRY--PERSONAL NAME
Personal name Burki, Shahid Javed.
856 40 - ELECTRONIC LOCATION AND ACCESS
Uniform Resource Identifier http://site.ebrary.com/lib/rucke/Doc?id=5004782

No items available.

© 2026 Rongo University
Contact us: librarian | system librarian | Rongo university